000 00595nam a2200229Ia 4500
003 OSt
005 20221007073424.0
006 a|||||r|||| 00| 0
007 ta
008 221006b |||||||| |||| 00| 0 eng d
020 _cRs. 12/-
024 _a8,565
037 _cTextual
040 _aFLL
_cFLL
_beng
041 _2eng
_aeng
082 _aZ2:AqN71, L1
245 0 _aMaintenance of internal security act, 1971
260 _aLucknow
_bEastern Book Company India
_c1971
300 _aiv,130p
_ccm.
942 _hZ2:AqN71, L1
_cTEXL
_2CC
999 _c1148688
_d1148688